[Event "17th Medicine Hat Open"]
[Site "Medicine Hat"]
[Date "2011.09.18"]
[Round "5.9"]
[White "Berndtsson, Kurt"]
[Black "Fitzgerald, Jerry"]
[Result "0-1"]
[WhiteElo "1279"]
[BlackElo "1600"]
[PlyCount "118"]
[EventDate "2011.09.17"]
[EventType "swiss"]
[EventRounds "5"]
[EventCountry "CAN"]

1. e4 c5 2. Nc3 Nc6 3. f4 e6 4. Bc4 a6 5. a3 b5 6. Ba2 Bb7 7. Nf3 b4 8. axb4
Nxb4 9. Bb3 a5 10. O-O Nf6 11. d3 Be7 12. Ne2 Qb6 13. Kh1 O-O 14. Qe1 c4 15.
dxc4 Bxe4 16. Ned4 Bc5 17. Be3 d5 18. cxd5 exd5 19. Qd2 Rfc8 20. Rfd1 Bxf3 21.
gxf3 Nc6 22. c3 Nxd4 23. Bxd4 Qxb3 24. Rg1 Bxd4 25. Qxd4 Nh5 26. Rg2 Rc6 27.
Rd1 g6 28. f5 Raa6 29. Qxd5 Qxd5 30. Rxd5 Nf4 31. Rd8+ Kg7 32. Rg4 Nh5 33. fxg6
hxg6 34. Rb8 Re6 35. Re4 Rxe4 36. fxe4 Nf4 37. h4 Kf6 38. Rb5 a4 39. c4 a3 40.
bxa3 Rxa3 41. Rb2 Rh3+ 42. Rh2 Rxh2+ 43. Kxh2 Ke5 44. c5 Kxe4 45. Kg3 Ne6 46.
c6 Kd5 47. Kg4 Kxc6 48. h5 gxh5+ 49. Kxh5 Kd6 50. Kg4 Ke5 51. Kf3 f5 52. Kg3
f4+ 53. Kg2 Ke4 54. Kf2 f3 55. Kf1 Ke3 56. Ke1 Ng5 57. Kf1 Ne4 58. Ke1 Nd2 59.
Kd1 f2 0-1

[Event "2011 Battle of Alberta"]
[Site "Red Deer"]
[Date "2011.09.24"]
[Round "1.2"]
[White "Pechenkin, Vladimir"]
[Black "Haessel, Dale"]
[Result "1-0"]
[WhiteElo "2409"]
[BlackElo "2285"]
[PlyCount "56"]
[EventDate "2011.09.24"]
[EventType "team-match"]
[EventRounds "2"]
[EventCountry "CAN"]
[WhiteTeam "North"]
[BlackTeam "South"]
[WhiteTeamCountry "CAN"]
[BlackTeamCountry "CAN"]

1. c4 c5 2. g3 Nf6 3. Bg2 d5 4. cxd5 Nxd5 5. Nc3 Nc7 6. Nf3 Nc6 7. O-O e5 8. a3
Be6 9. b4 f6 10. Rb1 Rb8 11. b5 Nd4 12. e3 Nxf3+ 13. Qxf3 b6 14. Rd1 Qd7 15.
Qh5+ g6 16. Qh4 Kf7 17. Bc6 Qc8 18. f4 exf4 19. Qxf4 Be7 20. Bb2 Rf8 21. Ne4
Kg7 22. Rf1 Qd8 23. g4 Nd5 24. Qg3 h6 25. h4 Qc7 26. Qxc7 Nxc7 27. g5 hxg5 28.
hxg5 Nd5 1-0

[Event "2011 Battle of Alberta"]
[Site "Red Deer"]
[Date "2011.09.24"]
[Round "1.3"]
[White "Kazmaier, Daniel"]
[Black "Gicev, Blagoja"]
[Result "1-0"]
[WhiteElo "2275"]
[BlackElo "2374"]
[PlyCount "69"]
[EventDate "2011.09.24"]
[EventType "team-match"]
[EventRounds "2"]
[EventCountry "CAN"]
[WhiteTeam "South"]
[BlackTeam "North"]
[WhiteTeamCountry "CAN"]
[BlackTeamCountry "CAN"]

1. e4 c5 2. Nf3 Nc6 3. Bb5 g6 4. O-O Bg7 5. c3 Nf6 6. Re1 O-O 7. d4 Qb6 8. Na3
cxd4 9. cxd4 d5 10. exd5 Nxd5 11. Qb3 Be6 12. Bxc6 Qxc6 13. Bg5 h6 14. Bd2 Qa6
15. Nb5 Nf4 16. Nc7 Ne2+ 17. Rxe2 Qxe2 18. d5 Bf5 19. Nxa8 Rxa8 20. Qxb7 Rd8
21. Qxa7 Bxb2 22. Re1 Qb5 23. Qxe7 Qxd5 24. Bxh6 Bc3 25. Bg5 Ra8 26. Rc1 Bb2
27. Re1 Bc3 28. Re3 Bg7 29. a3 Qd1+ 30. Re1 Qa4 31. Ne5 Be6 32. Nxg6 Re8 33.
Qd6 Qa5 34. Bd2 Qh5 35. Nf4 1-0

[Event "2011 Battle of Alberta"]
[Site "Red Deer"]
[Date "2011.09.24"]
[Round "1.5"]
[White "Yearwood, Roy"]
[Black "Reeve, Jeff"]
[Result "0-1"]
[WhiteElo "2208"]
[BlackElo "2322"]
[PlyCount "86"]
[EventDate "2011.09.24"]
[EventType "team-match"]
[EventRounds "2"]
[EventCountry "CAN"]
[WhiteTeam "South"]
[BlackTeam "North"]
[WhiteTeamCountry "CAN"]
[BlackTeamCountry "CAN"]

1. e4 c5 2. Nf3 Nc6 3. Bb5 d6 4. O-O Bd7 5. Re1 a6 6. Bf1 Nf6 7. c3 e5 8. d3
Be7 9. Nbd2 O-O 10. Nc4 Re8 11. Ne3 Bf8 12. a3 h6 13. Rb1 Be6 14. c4 b5 15. b3
Nd4 16. Nd2 b4 17. a4 Nd7 18. g3 g6 19. Bg2 h5 20. Nd5 Bh6 21. Nf1 Bxc1 22.
Rxc1 Bxd5 23. cxd5 Rf8 24. Ne3 Qe7 25. Bh3 Nf6 26. Rf1 Nh7 27. Rb1 Rad8 28. Kh1
Kg7 29. Rb2 h4 30. f4 hxg3 31. hxg3 Rh8 32. Rh2 Nf6 33. Rff2 Nh5 34. Nf1 Rh7
35. Bg4 Rdh8 36. Bxh5 Rxh5 37. f5 Rxh2+ 38. Nxh2 gxf5 39. exf5 Qg5 40. f6+ Kf8
41. Kg2 Nf5 42. Ng4 Rg8 43. Qf3 Nd4 0-1

[Event "2011 Battle of Alberta"]
[Site "Red Deer"]
[Date "2011.09.24"]
[Round "1.6"]
[White "Gardner, Robert"]
[Black "Booker, Brad"]
[Result "1-0"]
[WhiteElo "2304"]
[BlackElo "2192"]
[PlyCount "57"]
[EventDate "2011.09.24"]
[EventType "team-match"]
[EventRounds "2"]
[EventCountry "CAN"]
[WhiteTeam "North"]
[BlackTeam "South"]
[WhiteTeamCountry "CAN"]
[BlackTeamCountry "CAN"]

1. d4 Nf6 2. c4 g6 3. Nc3 Bg7 4. e4 d6 5. Nf3 O-O 6. h3 Nc6 7. d5 Ne5 8. Nxe5
dxe5 9. Bg5 h6 10. Be3 e6 11. Qd2 exd5 12. cxd5 Qe7 13. Bd3 Kh7 14. O-O Bd7 15.
Rac1 Nh5 16. Ne2 Rfc8 17. g4 Qh4 18. gxh5 Bxh3 19. hxg6+ Kxg6 20. Rfe1 Bf6 21.
Ng3 Rg8 22. Bf1 Rg7 23. Bxh3 Qxh3 24. Qe2 Kh7 25. Qf3 h5 26. Qxf6 Kg8 27. Bh6
Rg6 28. Qf5 Qh4 29. Rxc7 1-0

[Event "2011 Battle of Alberta"]
[Site "Red Deer"]
[Date "2011.09.24"]
[Round "1.7"]
[White "Karmali, Hafiz"]
[Black "Valencia, Belsar"]
[Result "0-1"]
[WhiteElo "1999"]
[BlackElo "2301"]
[PlyCount "80"]
[EventDate "2011.09.24"]
[EventType "team-match"]
[EventRounds "2"]
[EventCountry "CAN"]
[WhiteTeam "South"]
[BlackTeam "North"]
[WhiteTeamCountry "CAN"]
[BlackTeamCountry "CAN"]

1. e4 c5 2. Nc3 Nc6 3. g3 g6 4. Bg2 Bg7 5. Nge2 d6 6. O-O Rb8 7. a4 e6 8. d3
Nge7 9. Be3 Nd4 10. Nb5 Nec6 11. Nbxd4 cxd4 12. Bd2 O-O 13. Qc1 e5 14. h3 Be6
15. b4 Qd7 16. b5 Ne7 17. Bb4 f5 18. Qa3 Rbd8 19. Kh2 Rf7 20. Ng1 fxe4 21. dxe4
Bc4 22. Nf3 Bxf1 23. Rxf1 h6 24. Qb3 Rdf8 25. Qa3 Nc8 26. Kg1 Kh7 27. h4 Qg4
28. Nd2 h5 29. Nc4 Qe2 30. Qd3 Rxf2 31. Qxe2 Rxe2 32. Nxd6 Nxd6 33. Bxd6 Rxf1+
34. Bxf1 Rxc2 35. a5 d3 36. a6 bxa6 37. bxa6 d2 38. Be2 Rc1+ 39. Kf2 d1=Q 40.
Bxd1 Rxd1 0-1

[Event "2011 Battle of Alberta"]
[Site "Red Deer"]
[Date "2011.09.24"]
[Round "1.8"]
[White "Grumic, Sasa"]
[Black "Jean-Francois, Wen"]
[Result "1-0"]
[WhiteElo "2231"]
[BlackElo "2136"]
[PlyCount "85"]
[EventDate "2011.09.24"]
[EventType "team-match"]
[EventRounds "2"]
[EventCountry "CAN"]
[WhiteTeam "North"]
[BlackTeam "South"]
[WhiteTeamCountry "CAN"]
[BlackTeamCountry "CAN"]

1. g3 d5 2. Bg2 Nf6 3. d3 c6 4. Nd2 e5 5. e3 Bd6 6. Ne2 O-O 7. O-O Re8 8. h3
Nbd7 9. a3 a5 10. b3 b5 11. Bb2 Qe7 12. c4 Nb6 13. Qc2 Bb7 14. d4 bxc4 15. bxc4
Nxc4 16. Nxc4 dxc4 17. Rfb1 e4 18. Nc3 Rac8 19. h4 Qe6 20. Bc1 Rb8 21. Qa4 Bc7
22. Qc2 Bd6 23. Bf1 Ba6 24. Qa4 Bc7 25. Bd2 Nd5 26. Qd1 f5 27. Na4 Rb5 28. Rc1
Nb6 29. Qc2 Nxa4 30. Bxc4 Rd5 31. Bxa6 f4 32. Qxc6 Rd6 33. Qxa4 Rxa6 34. Rxc7
Qg6 35. exf4 e3 36. Qb3+ Kh8 37. Bxe3 Rae6 38. Re1 a4 39. Qc3 Qg4 40. d5 Rg6
41. Bd4 Rb8 42. h5 Qxh5 43. Rc8+ 1-0

[Event "2011 Battle of Alberta"]
[Site "Red Deer"]
[Date "2011.09.24"]
[Round "1.10"]
[White "Hughey, Micah"]
[Black "Perron, Sean"]
[Result "0-1"]
[WhiteElo "2155"]
[BlackElo "2093"]
[PlyCount "58"]
[EventDate "2011.09.24"]
[EventType "team-match"]
[EventRounds "2"]
[EventCountry "CAN"]
[WhiteTeam "North"]
[BlackTeam "South"]
[WhiteTeamCountry "CAN"]
[BlackTeamCountry "CAN"]

1. e4 e6 2. d4 d5 3. exd5 exd5 4. Bd3 Bd6 5. Qf3 Nc6 6. Ne2 Be6 7. O-O Qh4 8.
g3 Nxd4 9. Nxd4 Qxd4 10. Nc3 c6 11. Re1 Ne7 12. Be3 Qg4 13. Qg2 Qh3 14. Qh1 O-O
15. Ne2 Ng6 16. Nd4 Bd7 17. c4 dxc4 18. Bxc4 Bb4 19. Red1 Bg4 20. f3 Bc8 21.
Bf1 Qh5 22. Qg2 Re8 23. Qf2 Ne5 24. g4 Bxg4 25. fxg4 Nxg4 26. Be2 Nxf2 27. Bxh5
Nxd1 28. Bf4 Nxb2 29. Rb1 Bc5 0-1

[Event "2011 Battle of Alberta"]
[Site "Red Deer"]
[Date "2011.09.24"]
[Round "1.11"]
[White "Tam, Erik"]
[Black "Sequillion, Aaron"]
[Result "1/2-1/2"]
[WhiteElo "2129"]
[BlackElo "2077"]
[PlyCount "92"]
[EventDate "2011.09.24"]
[EventType "team-match"]
[EventRounds "2"]
[EventCountry "CAN"]
[WhiteTeam "South"]
[BlackTeam "North"]
[WhiteTeamCountry "CAN"]
[BlackTeamCountry "CAN"]

1. d4 Nf6 2. c4 e6 3. Nc3 d5 4. cxd5 exd5 5. Bg5 Be7 6. e3 O-O 7. Bd3 Re8 8.
Bxf6 Bxf6 9. Qh5 g6 10. Qxd5 Bxd4 11. Nge2 Bg7 12. Rd1 c6 13. Qf3 Qa5 14. O-O
Nd7 15. Bc2 Ne5 16. Qf4 Be6 17. Nd4 Bc4 18. Rfe1 Qb4 19. Nb3 Rad8 20. Qh4 Rxd1
21. Rxd1 a5 22. f4 a4 23. fxe5 axb3 24. axb3 Qb6 25. Qxc4 Qxe3+ 26. Kh1 Bxe5
27. Rf1 Re7 28. b4 Qh6 29. h3 Qg5 30. Ne4 Qh4 31. Bb3 Kh8 32. Qd3 f5 33. Nd2
Kg7 34. Nf3 Qe4 35. Nxe5 Rxe5 36. Qc3 Kh6 37. Qd2+ Kg7 38. Rd1 f4 39. Qd7+ Kh6
40. Bg8 f3 41. Qxh7+ Kg5 42. h4+ Kg4 43. Qd7+ Kh5 44. Qh7+ Kg4 45. Qd7+ Kh5 46.
Qh7+ Kg4 1/2-1/2

[Event "2011 Battle of Alberta"]
[Site "Red Deer"]
[Date "2011.09.24"]
[Round "1.12"]
[White "Zeggelaar, Mike"]
[Black "Ong, Simon"]
[Result "1/2-1/2"]
[WhiteElo "2011"]
[BlackElo "2026"]
[PlyCount "104"]
[EventDate "2011.09.24"]
[EventType "team-match"]
[EventRounds "2"]
[EventCountry "CAN"]
[WhiteTeam "North"]
[BlackTeam "South"]
[WhiteTeamCountry "CAN"]
[BlackTeamCountry "CAN"]

1. e4 c5 2. d4 cxd4 3. c3 Nf6 4. e5 Nd5 5. Bc4 Qc7 6. Qe2 e6 7. Bxd5 exd5 8.
Bf4 dxc3 9. Nxc3 Bb4 10. Qd2 Bxc3 11. bxc3 O-O 12. Nf3 Qc4 13. Rd1 Nc6 14. Bg3
Re8 15. Qxd5 Qxc3+ 16. Qd2 Qxd2+ 17. Kxd2 f6 18. exf6 gxf6 19. Kc3 d5 20. Rxd5
Be6 21. Rd2 Rad8 22. Rxd8 Rxd8 23. a3 b5 24. Re1 Kf7 25. Rb1 a6 26. Rb2 Rd7 27.
Bf4 Bf5 28. Rd2 Rxd2 29. Nxd2 Ke6 30. Nb3 Kd5 31. Bc7 Ne5 32. Bxe5 fxe5 33. f3
h5 34. g3 Bh3 35. Nd2 Bg2 36. g4 hxg4 37. fxg4 e4 38. Nb1 Bf3 39. g5 Bh5 40.
Kd2 Kd4 41. Ke1 a5 42. Nd2 a4 43. Nxe4 Kxe4 44. Kd2 Kd4 45. Kc2 Kc4 46. Kb2 Kd3
47. h3 Bg6 48. Ka2 Kc2 49. h4 Bf7+ 50. Ka1 Kb3 51. h5 Bxh5 52. g6 Bxg6 1/2-1/2

[Event "2011 Battle of Alberta"]
[Site "Red Deer"]
[Date "2011.09.24"]
[Round "2.1"]
[White "Porper, Edward"]
[Black "Yam, Alex"]
[Result "1-0"]
[WhiteElo "2522"]
[BlackElo "2290"]
[PlyCount "115"]
[EventDate "2011.09.24"]
[EventType "team-match"]
[EventRounds "2"]
[EventCountry "CAN"]
[WhiteTeam "North"]
[BlackTeam "South"]
[WhiteTeamCountry "CAN"]
[BlackTeamCountry "CAN"]

1. d4 Nf6 2. c4 e6 3. Nf3 c5 4. d5 d6 5. Nc3 exd5 6. cxd5 g6 7. h3 Bg7 8. e4 a6
9. Bd3 Nbd7 10. O-O Nh5 11. Bg5 Bf6 12. Bh6 Ne5 13. Be2 Nxf3+ 14. Bxf3 Ng7 15.
a4 O-O 16. Qd2 Rb8 17. Rfb1 Qa5 18. Ra3 Be5 19. Bf4 Re8 20. Bxe5 Rxe5 21. b4
cxb4 22. Na2 b5 23. Qxb4 Qd8 24. Qc3 f5 25. Nb4 Bb7 26. axb5 fxe4 27. bxa6 Bxd5
28. Be2 e3 29. f4 Qh4 30. Qe1 Qxf4 31. a7 Qf2+ 32. Qxf2 exf2+ 33. Kxf2 Rf8+ 34.
Bf3 Ba8 35. Kg1 Rb5 36. Raa1 Ne6 37. Bxa8 Rxa8 38. Nc6 Nc7 39. Rxb5 Nxb5 40.
Rb1 Nxa7 41. Ra1 Nxc6 42. Rxa8+ Kf7 43. Ra6 Ne7 44. Rxd6 h5 45. Kf2 Nf5 46. Ra6
Nh4 47. g3 Nf5 48. Kf3 Nd4+ 49. Ke4 Nf5 50. g4 hxg4 51. hxg4 Nh6 52. g5 Nf5 53.
Ke5 Nh4 54. Ra7+ Ke8 55. Kf6 Nf5 56. Kxg6 Ne7+ 57. Rxe7+ Kxe7 58. Kh7 1-0

[Event "2011 Battle of Alberta"]
[Site "Red Deer"]
[Date "2011.09.24"]
[Round "2.2"]
[White "Haessel, Dale"]
[Black "Pechenkin, Vladimir"]
[Result "0-1"]
[WhiteElo "2285"]
[BlackElo "2409"]
[PlyCount "76"]
[EventDate "2011.09.24"]
[EventType "team-match"]
[EventRounds "2"]
[EventCountry "CAN"]
[WhiteTeam "South"]
[BlackTeam "North"]
[WhiteTeamCountry "CAN"]
[BlackTeamCountry "CAN"]

1. d4 f5 2. Nf3 Nf6 3. g3 g6 4. c4 Bg7 5. Bg2 O-O 6. O-O d6 7. b3 e5 8. dxe5
dxe5 9. Nc3 e4 10. Ng5 Qxd1 11. Rxd1 Ng4 12. Nd5 Bxa1 13. Nxc7 Na6 14. Nxa8 Bf6
15. f3 exf3 16. exf3 Ne5 17. f4 Nc6 18. Be3 Bxg5 19. fxg5 Be6 20. Rd6 Bf7 21.
Rxc6 bxc6 22. Bxc6 Nb4 23. Bf3 Nxa2 24. Bxa7 Nc1 25. b4 Bxc4 26. b5 Ne2+ 27.
Kf2 Nc3 28. b6 Ne4+ 29. Ke3 Bd5 30. Nc7 Bb7 31. Kd4 h6 32. gxh6 Rd8+ 33. Ke5
Kh7 34. g4 Kxh6 35. gxf5 gxf5 36. Ne6 Re8 37. Kxf5 Nd6+ 38. Ke5 Nc4+ 0-1

[Event "2011 Battle of Alberta"]
[Site "Red Deer"]
[Date "2011.09.24"]
[Round "2.3"]
[White "Gicev, Blagoja"]
[Black "Kazmaier, Daniel"]
[Result "1-0"]
[WhiteElo "2374"]
[BlackElo "2275"]
[PlyCount "77"]
[EventDate "2011.09.24"]
[EventType "team-match"]
[EventRounds "2"]
[EventCountry "CAN"]
[WhiteTeam "North"]
[BlackTeam "South"]
[WhiteTeamCountry "CAN"]
[BlackTeamCountry "CAN"]

1. e4 e6 2. d4 d5 3. Nc3 Bb4 4. e5 c5 5. a3 Bxc3+ 6. bxc3 Qa5 7. Bd2 Qa4 8. Qb1
c4 9. g3 Ne7 10. Ne2 Nbc6 11. Bg2 Bd7 12. O-O O-O-O 13. Nf4 Qa5 14. Qe1 Kb8 15.
Nh5 Rhg8 16. Qe2 Rdf8 17. Rfb1 Nc8 18. Qg4 N6e7 19. Qf3 Ba4 20. Rb2 Nc6 21.
Rab1 Qc7 22. Rxb7+ Qxb7 23. Rxb7+ Kxb7 24. Qd1 N8e7 25. g4 Ka6 26. Nxg7 Rb8 27.
Bh6 Rb2 28. h4 Bxc2 29. Qf3 Rb1+ 30. Kh2 Bd1 31. Qxf7 Bxg4 32. Bg5 Rb7 33. Bxe7
Nxe7 34. Nxe6 Bxe6 35. Qxe6+ Ka5 36. Bxd5 Rg6 37. Qxg6 Nxg6 38. Bxb7 Ka4 39.
Be4 1-0

[Event "2011 Battle of Alberta"]
[Site "Red Deer"]
[Date "2011.09.24"]
[Round "2.4"]
[White "Neven, Knut"]
[Black "Wang, Richard"]
[Result "0-1"]
[WhiteElo "2235"]
[BlackElo "2330"]
[PlyCount "134"]
[EventDate "2011.09.24"]
[EventType "team-match"]
[EventRounds "2"]
[EventCountry "CAN"]
[WhiteTeam "South"]
[BlackTeam "North"]
[WhiteTeamCountry "CAN"]
[BlackTeamCountry "CAN"]

1. e4 c5 2. c3 d5 3. exd5 Qxd5 4. d4 Nf6 5. Nf3 e6 6. Bd3 cxd4 7. cxd4 Nc6 8.
Nc3 Qd6 9. O-O Be7 10. Be3 O-O 11. Qe2 b6 12. Rfd1 Bb7 13. Rac1 Rad8 14. h3 Nb4
15. Bb1 Nbd5 16. Ne5 Nxe3 17. fxe3 Qb8 18. Rf1 g6 19. Rf2 Nh5 20. Qb5 Bh4 21.
Rcf1 Bxf2+ 22. Rxf2 Qd6 23. Ne2 f5 24. Bd3 Nf6 25. Qa4 Nd7 26. Nc4 Qc6 27. Qa3
a5 28. Nd6 Nf6 29. Nxb7 Qxb7 30. Nf4 Rfe8 31. Bb5 Re7 32. Rc2 g5 33. Bc6 Qc7
34. Nd3 Qd6 35. Qb3 Nd5 36. Bxd5 exd5 37. Ne5 Rc7 38. Rf2 Rf8 39. Qd3 Qe6 40.
a3 f4 41. exf4 Rxf4 42. Rxf4 gxf4 43. Qf3 Rg7 44. Kh2 Qf6 45. Qxd5+ Kh8 46.
Qa8+ Rg8 47. Qd5 Rg7 48. Qa8+ Rg8 49. Qd5 h6 50. b4 axb4 51. axb4 Qg7 52. b5
Qg3+ 53. Kh1 Qe1+ 54. Kh2 Qg3+ 55. Kh1 f3 56. Qxf3 Qxf3 57. Nxf3 Rd8 58. Kg1
Rd5 59. Kf2 Rxb5 60. Ke3 Kg7 61. g4 Kf6 62. Ke4 Ke6 63. h4 Rb2 64. g5 hxg5 65.
hxg5 Rg2 66. d5+ Kd6 67. Nd4 Rg4+ 0-1

[Event "2011 Battle of Alberta"]
[Site "Red Deer"]
[Date "2011.09.24"]
[Round "2.5"]
[White "Reeve, Jeff"]
[Black "Yearwood, Roy"]
[Result "1-0"]
[WhiteElo "2322"]
[BlackElo "2208"]
[PlyCount "67"]
[EventDate "2011.09.24"]
[EventType "team-match"]
[EventRounds "2"]
[EventCountry "CAN"]
[WhiteTeam "North"]
[BlackTeam "South"]
[WhiteTeamCountry "CAN"]
[BlackTeamCountry "CAN"]

1. g3 Nf6 2. Bg2 d5 3. Nf3 Bf5 4. O-O c6 5. d3 Nbd7 6. c4 e6 7. Nc3 dxc4 8.
dxc4 h6 9. Nd4 Bh7 10. b3 Nc5 11. Bb2 Qb6 12. Qc1 Rd8 13. Nc2 Be7 14. b4 Ncd7
15. c5 Qc7 16. h3 O-O 17. Ne3 a5 18. a3 Ne5 19. f4 Ned7 20. Nc4 axb4 21. axb4
b6 22. cxb6 Nxb6 23. Ne5 Nfd5 24. Nxd5 Nxd5 25. Nxc6 Rc8 26. Bxd5 exd5 27. b5
Bd6 28. Qc3 f6 29. Qd4 Qf7 30. Ra7 Qe6 31. g4 Qxe2 32. Rf2 Qe1+ 33. Kh2 Be4 34.
Ra1 1-0

[Event "2011 Battle of Alberta"]
[Site "Red Deer"]
[Date "2011.09.24"]
[Round "2.6"]
[White "Booker, Brad"]
[Black "Gardner, Robert"]
[Result "0-1"]
[WhiteElo "2192"]
[BlackElo "2304"]
[PlyCount "42"]
[EventDate "2011.09.24"]
[EventType "team-match"]
[EventRounds "2"]
[EventCountry "CAN"]
[WhiteTeam "South"]
[BlackTeam "North"]
[WhiteTeamCountry "CAN"]
[BlackTeamCountry "CAN"]

1. Nf3 Nf6 2. g3 b5 3. Bg2 Bb7 4. O-O e6 5. d3 d5 6. Nbd2 Nbd7 7. e4 dxe4 8.
Ng5 Nc5 9. b4 Na4 10. Ndxe4 Nxe4 11. Nxe4 Rb8 12. Be3 Bxb4 13. Qg4 O-O 14. Bh6
Qd4 15. Be3 Qe5 16. Bxa7 f5 17. Nf6+ Qxf6 18. Qxb4 Bxg2 19. Kxg2 Ra8 20. Bd4 e5
21. Bc5 Qc6+ 0-1

[Event "2011 Battle of Alberta"]
[Site "Red Deer"]
[Date "2011.09.24"]
[Round "2.7"]
[White "Valencia, Belsar"]
[Black "Karmali, Hafiz"]
[Result "1-0"]
[WhiteElo "2301"]
[BlackElo "1999"]
[PlyCount "51"]
[EventDate "2011.09.24"]
[EventType "team-match"]
[EventRounds "2"]
[EventCountry "CAN"]
[WhiteTeam "North"]
[BlackTeam "South"]
[WhiteTeamCountry "CAN"]
[BlackTeamCountry "CAN"]

1. d4 d5 2. Nf3 e6 3. c4 c6 4. Nc3 dxc4 5. a4 Bb4 6. g3 Nf6 7. Bg2 Ne4 8. Qc2
Qa5 9. Bd2 Bxc3 10. Bxc3 Nxc3 11. Qxc3 Qxc3+ 12. bxc3 Nd7 13. Nd2 e5 14. Nxc4
exd4 15. cxd4 Ke7 16. a5 Nb8 17. Rb1 Rd8 18. e3 Na6 19. O-O f6 20. Rb2 Kd7 21.
e4 Kc7 22. d5 Bd7 23. f4 Rab8 24. d6+ Kc8 25. e5 b5 26. axb6 1-0

[Event "2011 Battle of Alberta"]
[Site "Red Deer"]
[Date "2011.09.24"]
[Round "2.8"]
[White "Jean-Francois, Wen"]
[Black "Grumic, Sasa"]
[Result "1-0"]
[WhiteElo "2136"]
[BlackElo "2231"]
[PlyCount "85"]
[EventDate "2011.09.24"]
[EventType "team-match"]
[EventRounds "2"]
[EventCountry "CAN"]
[WhiteTeam "South"]
[BlackTeam "North"]
[WhiteTeamCountry "CAN"]
[BlackTeamCountry "CAN"]

1. c4 Nf6 2. g3 g6 3. Bg2 Bg7 4. Nc3 O-O 5. e4 d6 6. Nge2 c5 7. O-O Nc6 8. d3
a6 9. h3 Rb8 10. a4 h6 11. Be3 e5 12. Rb1 a5 13. f4 Nd4 14. fxe5 dxe5 15. Nd5
Nh5 16. Kh2 Be6 17. Nec3 Bxd5 18. Nxd5 Qd6 19. g4 Nf4 20. Nxf4 exf4 21. Bxf4
Be5 22. Qd2 Ne6 23. Bxe5 Qxe5+ 24. Kh1 Kg7 25. Qxa5 Rbd8 26. Qd2 Rd7 27. b4 h5
28. gxh5 Qxh5 29. bxc5 f6 30. Rb5 Qh4 31. Qe3 g5 32. Qf2 Qh6 33. Qf5 Re7 34. e5
Nf4 35. Rxb7 Rxb7 36. Bxb7 Nxh3 37. exf6+ Kh8 38. Kg2 Nf4+ 39. Qxf4 gxf4 40.
Rh1 f3+ 41. Bxf3 Rxf6 42. Rxh6+ Rxh6 43. Bb7 1-0

[Event "2011 Battle of Alberta"]
[Site "Red Deer"]
[Date "2011.09.24"]
[Round "2.9"]
[White "Kalisvaart, Peter"]
[Black "Gold, Itohan"]
[Result "0-1"]
[WhiteElo "2173"]
[BlackElo "2102"]
[PlyCount "50"]
[EventDate "2011.09.24"]
[EventType "team-match"]
[EventRounds "2"]
[EventCountry "CAN"]
[WhiteTeam "North"]
[BlackTeam "South"]
[WhiteTeamCountry "CAN"]
[BlackTeamCountry "CAN"]

1. d4 Nf6 2. Bg5 Ne4 3. h4 c5 4. d5 Qa5+ 5. c3 g6 6. Nd2 Nxd2 7. Qxd2 d6 8. e4
Bg7 9. Nf3 h6 10. Bf4 Bg4 11. Be2 Nd7 12. O-O a6 13. Rfe1 O-O-O 14. a4 Bxf3 15.
Bxf3 c4 16. Be2 Qc7 17. a5 f5 18. Ra4 Kb8 19. Rxc4 Qxa5 20. b4 Qa3 21. exf5
gxf5 22. Be3 Ne5 23. Rf4 Ng6 24. Rxf5 Bxc3 25. Qd3 Ne5 0-1

[Event "2011 Battle of Alberta"]
[Site "Red Deer"]
[Date "2011.09.24"]
[Round "2.10"]
[White "Perron, Sean"]
[Black "Hughey, Micah"]
[Result "1/2-1/2"]
[WhiteElo "2078"]
[BlackElo "2155"]
[PlyCount "32"]
[EventDate "2011.09.24"]
[EventType "team-match"]
[EventRounds "2"]
[EventCountry "CAN"]
[WhiteTeam "South"]
[BlackTeam "North"]
[WhiteTeamCountry "CAN"]
[BlackTeamCountry "CAN"]

1. e4 e5 2. Nf3 Nc6 3. d4 exd4 4. Nxd4 Nf6 5. Nc3 Bb4 6. Nxc6 bxc6 7. Bd3 d5 8.
exd5 cxd5 9. O-O O-O 10. Bg5 c6 11. Na4 h6 12. Bh4 Bd7 13. c4 g5 14. Bg3 Ne4
15. a3 Be7 16. Qh5 Kg7 1/2-1/2

[Event "2011 Battle of Alberta"]
[Site "Red Deer"]
[Date "2011.09.24"]
[Round "2.11"]
[White "Sequillion, Aaron"]
[Black "Tam, Erik"]
[Result "0-1"]
[WhiteElo "2129"]
[BlackElo "2077"]
[PlyCount "70"]
[EventDate "2011.09.24"]
[EventType "team-match"]
[EventRounds "2"]
[EventCountry "CAN"]
[WhiteTeam "North"]
[BlackTeam "South"]
[WhiteTeamCountry "CAN"]
[BlackTeamCountry "CAN"]

1. e4 e5 2. Nf3 Nc6 3. Bb5 a6 4. Ba4 d6 5. c3 Bd7 6. O-O Nge7 7. d4 Ng6 8. Re1
Be7 9. Nbd2 h6 10. Nf1 Bg5 11. Ne3 Bxe3 12. Bxe3 b5 13. Bc2 O-O 14. Qe2 Qf6 15.
Rad1 Bg4 16. Qf1 Bxf3 17. gxf3 Nh4 18. Re2 Qxf3 19. Red2 Rae8 20. d5 Ne7 21.
Re1 Neg6 22. Bd1 Qxe4 23. Bxh6 Nf3+ 24. Bxf3 Qxf3 25. Rd3 Qf5 26. Bd2 e4 27.
Qh3 Qxh3 28. Rxh3 Ne5 29. Re2 f5 30. Bf4 Nf3+ 31. Kh1 Kf7 32. Rh5 Kf6 33. Rh7
Rh8 34. Rxh8 Rxh8 35. Kg2 g5 0-1

[Event "2011 Battle of Alberta"]
[Site "Red Deer"]
[Date "2011.09.24"]
[Round "2.12"]
[White "Ong, Simon"]
[Black "Zeggelaar, Mike"]
[Result "1/2-1/2"]
[WhiteElo "2026"]
[BlackElo "2011"]
[PlyCount "51"]
[EventDate "2011.09.24"]
[EventType "team-match"]
[EventRounds "2"]
[EventCountry "CAN"]
[WhiteTeam "South"]
[BlackTeam "North"]
[WhiteTeamCountry "CAN"]
[BlackTeamCountry "CAN"]

1. c4 Nf6 2. Nc3 g6 3. g3 Bg7 4. Bg2 O-O 5. e4 e5 6. Nge2 Nc6 7. O-O d6 8. h3
Be6 9. d3 Qd7 10. Kh2 Ne8 11. Rb1 f5 12. exf5 gxf5 13. f4 a5 14. a3 Nf6 15. b3
Rae8 16. Be3 e4 17. dxe4 fxe4 18. Qc2 Bf5 19. Qd2 Qf7 20. Nd5 h5 21. Nxf6+ Qxf6
22. Rbd1 Qb2 23. Qxb2 Bxb2 24. Bc1 Bg7 25. Be3 Bb2 26. Bc1 1/2-1/2

[Event "2011 ECC Fall Sectional A"]
[Site "Edmonton"]
[Date "2011.10.28"]
[Round "1"]
[White "Gardner, Robert"]
[Black "Yam, Alex"]
[Result "0-1"]
[WhiteElo "2300"]
[BlackElo "2293"]
[PlyCount "90"]
[EventDate "2011.10.28"]
[EventType "tourn"]
[EventRounds "5"]
[EventCountry "CAN"]

1. d4 Nf6 2. c4 c5 3. d5 e6 4. Nc3 exd5 5. cxd5 d6 6. e4 g6 7. Nf3 a6 8. a4 Bg4
9. Be2 Bxf3 10. Bxf3 Bg7 11. O-O O-O 12. Re1 Nbd7 13. Be2 Re8 14. Bf1 Qc7 15.
a5 Re7 16. Ra4 Rae8 17. f4 b5 18. axb6 Nxb6 19. Rxa6 Nxe4 20. Rxe4 Rxe4 21.
Nxe4 Rxe4 22. Bd3 Re7 23. f5 c4 24. Bc2 Qc5+ 25. Kf1 Qb5 26. Ra2 Re5 27. Qf3
c3+ 28. Bd3 Qb3 29. fxg6 Re7 30. gxh7+ Kh8 31. Ra1 cxb2 32. Bxb2 Qxb2 33. Rb1
Qc3 34. Qg3 Re8 35. Qf3 Qc5 36. h4 Nxd5 37. g3 Ne3+ 38. Kg1 Nc4+ 39. Kh1 Nd2
40. Qxf7 Rf8 41. Qg6 Nxb1 42. Bxb1 Rf1+ 43. Kg2 Qg1+ 44. Kh3 Qh1+ 45. Kg4 Qf3+
0-1